Toutes les équipes de Premier League de tous les temps - Statistiques

Statistiques générales
  • Ce quiz a été pris 129 fois
  • Le résultat moyen est 31 sur 51
Statistiques - réponses
Équipes Saisons totales % Correct
Arsenal 33
100%
Manchester City 28
100%
Manchester United 33
100%
Chelsea 33
99%
Liverpool 33
98%
Tottenham Hotspur 33
93%
Everton 33
91%
West Ham United 28
86%
Aston Villa 30
85%
Leicester City 18
84%
Brighton & Hove Albion 8
81%
Newcastle United 30
81%
Wolverhampton Wanderers 10
81%
Leeds United 15
78%
Southampton 25
78%
Crystal Palace 16
77%
Nottingham Forest 8
75%
Fulham 18
74%
Sunderland 16
73%
Bournemouth 8
65%
Cardiff City 2
65%
Ipswich Town 6
65%
Birmingham City 7
64%
Sheffield United 6
64%
Norwich City 10
62%
Queens Park Rangers 7
62%
Brentford 4
61%
Swansea City 7
61%
West Bromwich Albion 13
58%
Burnley 9
57%
Luton Town 1
57%
Stoke City 10
54%
Blackburn Rovers 18
53%
Hull City 5
52%
Portsmouth 7
52%
Sheffield Wednesday 8
52%
Watford 8
48%
Middlesbrough 15
46%
Bolton Wanderers 13
45%
Derby County 7
44%
Coventry City 9
42%
Wigan Athletic 8
42%
Reading 3
39%
Blackpool 1
34%
Huddersfield Town 2
34%
Wimbledon 8
32%
Charlton Athletic 8
31%
Barnsley 1
24%
Bradford City 2
18%
Oldham Athletic 2
14%
Swindon Town 1
10%
Aucun quiz correspondant
Distribution des résultats
% des personnes avec chaque résultat
Percentile par nombre de réponses
Votre historique - résultats
Vous n’avez pas pris ce quiz